Deutsche Stadtteile und Vororte A bis Z (2) - Statistiken

Allgemein
  • Dieses Quiz wurde 32 mal gespielt
  • Das Durchschnittsergebnis liegt bei 8 aus 22
Antwortstatistiken
Buchstabe Stadt Hinweis Antwort % Korrekt
S Gelsenkirchen Fußball Schalke
90%
D Köln Koelnmesse und Lanxess Arena Deutz
79%
M Konstanz Blumeninsel Mainau
79%
W Bochum SG 09 Wattenscheid
66%
Z Berlin Krumme Lanke, Mexikoplatz und Onkel Toms Hütte Zehlendorf
59%
I München Deutsches Museum; bildet mit Ludwigsvorstadt den Stadtbezirk 2 Isarvorstadt
52%
O Ludwigshafen Helmut Kohl Oggersheim
52%
L Rostock Ausschreitungen im August 1992 Lichtenhagen
41%
F Hamburg Flughafen Fuhlsbüttel
34%
H Frankfurt am Main Industriepark, Farbwerke Höchst
34%
K Bottrop Movie Park Germany Kirchhellen
34%
V Bremen Weserpromenade und Museumshafen Vegesack
28%
C Bonn römisches Lager Castell
24%
U Stuttgart Konzernsitz der Mercedes-Benz Group Untertürkheim
24%
R Duisburg linksrheinisch Rheinhausen
21%
A Wiesbaden heißt eigentlich Mainz-A., da bis 1945 Vorort von Mainz Amöneburg
17%
B Essen Villa Hügel und Baldeneysee Bredeney
14%
T Halle (Saale) Saaleinsel Forstwerder Trotha
14%
P Dresden Schloss, Schlosspark, Weinberge Pillnitz
10%
E Leipzig im Stadtbezirk Nord entlang der Delitzscher Straße Eutritzsch
7%
G Nürnberg GoHo Gostenhof
3%
N Magdeburg Den Ortsteil "Neustadt" gibt es häufig, aber diese Steigerung ist in Magdeburg besonders Neue Neustadt
3%
Keine übereinstimmenden Quizze gefunden
Verteilung der Resultate
Anzahl Personen mit jedem Resultat
Perzentil nach korrekt beantworteten Fragen
Ihre Resultats-Entwicklung
Sie haben dieses Quiz noch nicht gespielt